Представление документа в формате RUSMARC

ПолеНазваниеЗначение
  Тип записи a
  Библиографический уровень m
001 Контрольный номер RU/SLIB/B/208727167
005 Дата корректировки 20241025161253.7
010 Индекс ISBN __
d Цена 0-65
101 Язык документа 0_
a Язык текста rus
c Язык оригинала rus
200 Заглавие и сведения об ответственности 1_
a Заглавие Николай Михайлович Лукин
f Первые сведения об ответственности Дунаевский В. А., Цфасман А. Б. ; отв. ред. И. С. Галкин
b Общее обозначение материала Текст
210 Выходные данные 1_
a Место издания М.
c Издательство Наука
d Дата издания 1987
215 Физическое описание __
a Объем 192 с.
600 Персоналии _1
a Персоналии (Фамилия) Лукин, Н. М.
606 Тематические рубрики __
a Основная рубрика История
y Географическая подрубрика Россия
606 Тематические рубрики __
a Основная рубрика Историография
610 Ключевые слова 0_
a Ключевые слова историки; академики; общественные деятели; революционеры; ученые; педагоги; биографии; персоналии
686 Индексы других классификаций __
a Классификационный индекс 63.1-8
700 Автор _1
a Фамилия Дунаевский
b Имя В. А.
4 Код отношения 070
702 Вторичная интеллектуальная ответственность _1
a Фамилия Цфасман
b Имя А. Б.
4 Код отношения Автор
702 Вторичная интеллектуальная ответственность _1
a Фамилия Галкин
b Имя И. С.
4 Код отношения Автор
801 Источник записи _0
a Страна RU
b Организация Муниципальное бюджетное учреждение культуры "Централизованная библиотечная система" г. Сургут (Центральная городская библиотека им. А. С. Пушкина)
g Правила каталогизации КиК/Уланова
801 Источник записи _1
a Страна RU
b Организация Муниципальное бюджетное учреждение культуры "Централизованная библиотечная система" г. Сургут (Центральная городская библиотека им. А. С. Пушкина)
g Правила каталогизации КиК/Уланова
852 Данные о местонахождении __
j Шифр хранения 63.1-8
c Каталожный индекс 63
i Авторский знак Д 83
p Инвентарный номер 36551
901 Тип документа __
t Тип документа m
990 Данные о заказе (DOS) __
j Количество экземпляров (DOS) 1
t N записи в КСУ для И/У (DOS) 199101